[Event "Ruhrgebiet Verbandsliga2 1112"]
[Site "Nordrheinwestfalen"]
[Date "2012.03.25"]
[Round "8.6"]
[White "Geelhaar, Thorsten"]
[Black "Straenger, Petra"]
[Result "1/2-1/2"]
[WhiteElo "1776"]
[BlackElo "1870"]
[PlyCount "80"]
[EventDate "2011.09.18"]
[EventType "team-tourn"]
[EventRounds "9"]
[EventCountry "GER"]
[SourceTitle "EXT 2020"]
[Source "ChessBase"]
[SourceDate "2019.10.17"]
[SourceVersion "1"]
[SourceVersionDate "2019.10.17"]
[SourceQuality "1"]
[WhiteTeam "Dortmund Hansa IV"]
[BlackTeam "Muelheim SC"]
[WhiteTeamCountry "GER"]
[BlackTeamCountry "GER"]

1. e4 d5 2. Nc3 dxe4 3. Nxe4 Bf5 4. Ng3 Bg6 5. Nf3 Nf6 6. Ne5 e6 7. Qf3 c6 8. Bd3 Bxd3 9. Nxd3 Nbd7 10. b3 Bd6 11. Bb2 0-0 12. h4 Qc7 13. Nh5 e5 14. Qf5 Rfe8 15. g4 Re6 16. 0-0-0 a5 17. f4 e4 18. Nxf6+ Nxf6 19. Nc5 Bxc5 20. Qxc5 Qxf4 21. Rdf1 Qd6 22. Qxd6 Rxd6 23. Bxf6 gxf6 24. Rf4 Rad8 25. Rh2 Re6 26. Re2 Rde8 27. Ref2 e3 28. dxe3 Rxe3 29. Rxf6 R8e7 30. Kd2 R3e4 31. R6f4 Rd7+ 32. Kc3 Rde7 33. Kd3 R4e5 34. h5 h6 35. a4 Kg7 36. R2f3 Rd5+ 37. Rd4 Red7 38. Rff4 R7d6 39. c4 Rxd4+ 40. Rxd4 Rf6 1/2-1/2

[Event "Ruhrgebiet Verbandsliga2 1112"]
[Site "Nordrheinwestfalen"]
[Date "2012.02.05"]
[Round "6.7"]
[White "Geelhaar, Thorsten"]
[Black "Dukic, Dalibor"]
[Result "0-1"]
[WhiteElo "1776"]
[BlackElo "1944"]
[PlyCount "54"]
[EventDate "2011.09.18"]
[EventType "team-tourn"]
[EventRounds "9"]
[EventCountry "GER"]
[SourceTitle "EXT 2020"]
[Source "ChessBase"]
[SourceDate "2019.10.17"]
[SourceVersion "1"]
[SourceVersionDate "2019.10.17"]
[SourceQuality "1"]
[WhiteTeam "Dortmund Hansa IV"]
[BlackTeam "Hamm SVg"]
[WhiteTeamCountry "GER"]
[BlackTeamCountry "GER"]

1. e4 d6 2. Nf3 Nf6 3. d3 e5 4. Be2 Be7 5. Nbd2 Nbd7 6. c3 c6 7. a4 a5 8. h3 0-0 9. Nf1 d5 10. Qc2 Re8 11. g4 Nc5 12. Ng3 Nfd7 13. Nf5 Bf8 14. 0-0 Qc7 15. b4 Ne6 16. bxa5 Rxa5 17. Re1 dxe4 18. dxe4 Ndc5 19. Bd2 Nf4 20. Bf1 g6 21. Ne3 Be6 22. Reb1 Rea8 23. Nc4 Bxc4 24. Bxf4 Bb3 25. Bxe5 Bxc2 26. Bxc7 Bxb1 27. Bxa5 Bxe4 0-1